000 00464nam a22001937a 4500
003 MPLRDC
005 20220104113941.0
008 210129b ||||| |||| 00| 0 eng d
020 _a957-674-080-0
082 _a848.3 XX v.13
100 _a西西著
245 _a画/ 话本
_c
250 _a初版
260 _a
_b洪范书店有限公司
_c1995
300 _b
490 _a洪范文学丛书;262
650 _a现代别集
942 _cBK
_o848.3 XX v.13
999 _c3631
_d3621